Music Quiz

Random Music or Song Quiz

'M' Albums by 3 Singles Quiz Stats

 Plays Quiz Updated Jun 21, 2018

Also try: Three-Word Albums
Challenge
Share
Tweet
Embed
Score 0/24 Timer 05:00
20 Plays Today
% Correct
The Marshall Mathers LP (Eminem)
92.1%
Make It Big (Wham!)
91.8%
Madman Across the Water (Elton John)
89.9%
Midnight Love (Marvin Gaye)
89%
Metallica (Metallica)
86.9%
Middle of Nowhere (Hanson)
86.9%
Millennium (Backstreet Boys)
84.1%
My Generation (The Who)
84%
Monkey Business (The Black Eyed Peas)
79.8%
Madonna (Madonna)
77.7%
Missundaztood (P!nk)
76%
Mellow Gold (Beck)
74.5%
% Correct
Moving Pictures (Rush)
72.7%
Mellon Collie and the Infinite Sadness (The Smashing Pumpkins)
70.7%
Miss E... So Addictive (Missy Elliott)
68.4%
Music Box (Mariah Carey)
68%
The Miseducation of Lauryn Hill (Lauryn Hill)
60.1%
My Way (Usher)
58.6%
The Madman's Return (Snap!)
55.5%
The Massacre (50 Cent)
55.1%
Minutes to Midnight (Linkin Park)
53.7%
My Everything (Ariana Grande)
50.8%
Me Against the World (2Pac)
46.5%
My Beautiful Dark Twisted Fantasy (Kanye West)
44.1%

You're not logged in!

Compare scores with friends on all Sporcle quizzes.
OR
Log In

You Might Also Like...

Show Comments

Extras

Top Quizzes Today


Score Distribution

Your Account Isn't Verified!

In order to create a playlist on Sporcle, you need to verify the email address you used during registration. Go to your Sporcle Settings to finish the process.

Report this User

Report this user for behavior that violates our Community Guidelines.

Details: